Studies on the effect of surfactants in polar-nonpolar elastomer blends (Record no. 69695)

MARC details
000 -LEADER
fixed length control field 00522nam a2200169Ia 4500
100 ## - MAIN ENTRY--AUTHOR NAME
Personal name Das A
245 #0 - TITLE STATEMENT
Title Studies on the effect of surfactants in polar-nonpolar elastomer blends
260 ## - PUBLICATION, DISTRIBUTION, ETC. (IMPRINT)
Name of publisher Papers presented at the IRMRA 18th Rubber Conference, Mumbai, January 20-21, 2000. p43-46
650 ## - SUBJECT ADDED ENTRY--TOPICAL TERM
Topical Term Polar-nonpolar elastomer blends
650 ## - SUBJECT ADDED ENTRY--TOPICAL TERM
Topical Term Surfactants
700 ## - ADDED ENTRY--PERSONAL NAME
Personal name Basu D K
700 ## - ADDED ENTRY--PERSONAL NAME
Personal name Biswas T
700 ## - ADDED ENTRY--PERSONAL NAME
Personal name Debnath S C
700 ## - ADDED ENTRY--PERSONAL NAME
Personal name Naskar N
942 ## - ADDED ENTRY ELEMENTS (KOHA)
Koha item type Journals
Holdings
Withdrawn status Lost status Damaged status Not for loan Home library Current library Shelving location Date acquired Koha item type
      Journals RRII Library RRII Library Rubber chemistry 17/12/2021 Journals